| 000 | 00995cam a22002294a 4500 | ||
|---|---|---|---|
| 020 | _a9787802333789 | ||
| 020 | _a7802333784 | ||
| 040 | _cCcBjTSG | ||
| 082 | _a633 ZHO 2007 A083 Or. | ||
| 245 | 1 | 0 |
_aJia qin ying yang yu si liao ke ji jin zhan : _bdi er jie quan guo jia qin ying yang yu si liao ke ji yan tao hui lun wen ji = Advances in poultry nutrition and feed science : proceedings of the second national symposium on poultry nutrition and feed science / |
| 246 | 3 | 0 | _aDi er jie quan guo jia qin ying yang yu si liao ke ji yan tao hui lun wen ji |
| 246 | 3 | 1 |
_aAdvances in poultry nutrition and feed science : _bproceedings of the second national symposium on poultry nutrition and feed science |
| 250 | _aDi 1 ban. | ||
| 260 |
_aBeijing Shi : _bZhongguo nong ye ke xue ji shu chu ban she, _c2007. |
||
| 300 |
_a1, 4, 493 p. : _bill. ; _c29 cm. |
||
| 650 | 0 | _aPoultry | |
| 650 | 0 | _aPoultry | |
| 650 | 0 | _aFeeds | |
| 700 | 1 | _aGuo, Yuming. | |
| 700 | 1 | _aQi, Guanghai. | |
| 942 | _cEK | ||
| 999 |
_c16078 _d16078 |
||